000 00830nas a2200265 4500
001 BR9507293
003 BR-BrBNA
005 20231205095432.0
007 ta
008 230509b bl.|||p| |||| 00| 00por d
040 _aBR-BrBNA
_bpor
_cBiblioteca Nacional de Agricultura
041 _a(Pt)
072 _aL72; L70
100 1 _aFerreira Neto, J.M.
245 1 _aDeterminacao do teor em acido urico do soro sanguineo como prova de funcao hepatica do cao
650 _aCao
650 _aFigado
650 _aHepatite
650 _aAcido Urico
650 _aMetabolismo
650 _aDiagnostico
773 0 _tArquivos da Escola Superior de Veterinaria da Universidade Rural do Estado de Minas Gerais (Brazil)
_x
_g(1958), v. 11 p. 49-59
_wBR9507293
909 _a202311
_bLúcia
_c55
_dLúcia Elande
942 _2AGRIS
_n0
_cANA
999 _c150650
_d150650